00817 2200301 4500001002100000005001500021007000300036008004100039035002000080040001700100041000800117082000800125084001700133090002300150100003100173245006900204250001200273264003300285300003500318336002100353337003000374338002300404504002400427650001200451700002000463850001000483990002200493INLIS00000000000742320260602025336ta260602 0  a0010-0822000397 aSBPUPADbind07aind a641 a641.07 KUS r a641.07 KUS r L20-60 aRika KusumawatiePengarang1 aSeratus Satu Resep Jajan Pasar Tradisional Yang Istimewa /cMaya a.-cet.1 a.--Yogyakarta :bAndi,c2017 a198 hlm :bilus. ;c16,5x21,cm 2rdacontentateks 2rdamediaatanpa perantara 2rdacarrieravolume aBibliografi hlm 189 4aKuliner0 aMayaePengarang aPUPAD a35.907/S/DPK/2021